|
|
|
|
| LEADER |
00719cam a2200241ua 4500 |
| 008 |
060815t2001||||||||||| 001 ||eng c |
| 020 |
|
|
|a 0-19-565561-3
|
| 041 |
0 |
|
|a eng
|
| 082 |
|
|
|a 321.809 54
|b DEM
|
| 245 |
0 |
0 |
|a Democracy in India /
|
| 250 |
|
|
|a 1st ed.
|
| 260 |
|
|
|a New Delhi:
|b OUP,
|c 2001.
|
| 300 |
|
|
|a xxii,571p..
|
| 362 |
1 |
|
|a 2001.
|
| 365 |
|
|
|a Rs.750/-
|e hb
|
| 500 |
|
|
|a Includes bibliography, name index, subject index.
|
| 650 |
|
|
|a Democracy in India
|
| 650 |
0 |
|
|a Political science
|
| 650 |
0 |
|
|a Political science
|
| 650 |
0 |
|
|a Politics
|
| 942 |
|
|
|c BK
|
| 999 |
|
|
|c 5134
|d 5134
|
| 952 |
|
|
|0 0
|1 0
|4 0
|6 321_809000000000000_54_DE
|7 0
|9 5395
|a KUCL
|b KUCL
|d 2014-05-23
|l 0
|o 321.809 54 DE
|p 08936
|r 2014-05-23
|w 2014-05-23
|y BK
|